000 00619nam a2200217Ia 4500
005 20260429112019.0
008 260429s9999||||xx |||||||||||||| ||und||
020 _a9781032596006
041 _aEnglish
082 _a378.209
_bALL
100 _aFernandez, Julie
245 0 _aNavigating the doctorate in education :
_bplanning your journey /
_cJulie Fernandez
250 _a1st ed.
260 _aNew Delhi :
_bRoutledge,
_c2024.
300 _axiii, 148 p.; pbk
650 _a Higher education
650 _a Research supervision
650 _aDoctoral education
700 _a Allison, Krista
942 _cTB
999 _c51892
_d51892